00359pab a2200145 454500008004000000100001600040245002300056260000900079300000900088362001100097650001600108650004100124650002800165773002000193180718b2001 xxu||||| |||| 00| 0 eng d aDixit, J.N. aNo euphoria please c2001 ap.10 a11 Jul aAgra summit aIndia - Foreign relations - Pakistan aInternational relations aHindustan Times